A Business planning : (Record no. 86853)
[ view plain ]
| 000 -LEADER | |
|---|---|
| fixed length control field | 00292nam a22001217a 4500 |
| 003 - CONTROL NUMBER IDENTIFIER | |
| control field | URS |
| 005 - DATE AND TIME OF LATEST TRANSACTION | |
| control field | 20250915143519.0 |
| 040 ## - CATALOGING SOURCE | |
| Transcribing agency | URS |
| Original cataloging agency | URS |
| Language of cataloging | eng |
| 050 ## - LIBRARY OF CONGRESS CALL NUMBER | |
| Classification number | HD58.9 |
| Item number | .C92 1993 |
| 245 ## - TITLE STATEMENT | |
| Title | A Business planning : |
| Remainder of title | a manual / |
| Statement of responsibility, etc. | Jorge H. Cuyugan. |
| 300 ## - PHYSICAL DESCRIPTION | |
| Extent | 266 pages ; |
| Dimensions | 28 cm. |
| 942 ## - ADDED ENTRY ELEMENTS (KOHA) | |
| Source of classification or shelving scheme | Library of Congress Classification |
| Koha item type | Filipiniana |
| Withdrawn status | Source of classification or shelving scheme | Damaged status | Not for loan | Home library | Current library | Shelving location | Date acquired | Total Checkouts | Full call number | Barcode | Date last seen | Price effective from | Koha item type |
|---|---|---|---|---|---|---|---|---|---|---|---|---|---|
| Library of Congress Classification | Tanay College Library | Tanay College Library | Reserve Section | 02/06/2024 | HD58.9 .C92 1993 | URSTAN-N3552 | 02/06/2024 | 02/06/2024 | Filipiniana |